000 00811nam a2200217Ia 4500
999 _c39600
_d39600
001 6200
003 GE_BSU
005 20190502115834.0
008 181216s1972||||ge |||||||||||||| ||geo||
040 _cGE_BSU
041 _ageo
080 _a624.129(075.8) დ-24
100 _aდაუშვილი, ა.
_9639
245 _aგვირაბები :
_bსახელმძღვ. /
_cა. დაუშვილი ; რედ. მ. მრელაშვილი.
264 _aთბილისი :
_bგანათლება,
_c1972.
300 _a369 გვ. :
_bილ ;
_c27 სმ.
504 _aბიბლიოგრ. : გვ.353-354.
653 _aგვირაბები
700 _aმრელაშვილი, მ.
_eრედაქტორი
_9640
942 _cBK
_2udc